Law enforcement management and administrative statistics, 1997 : data for individual state and local agencies with 100 or more officers /

Bibliographic Details
Main Author: Reaves, Brian
Corporate Author: United States. Bureau of Justice Statistics
Other Authors: Goldberg, Andrew L.
Format: Government Document Book
Language:English
Published: Washington, DC : U.S. Dept. of Justice, Office of Justice Programs, Bureau of Justice Statistics, [1999]
Subjects:

MARC

Tag First Indicator Second Indicator Subfields
LEADER 00000cam a2200000 a 4500
001 in00000004491
005 20151007051206.0
008 990602s1999 dcua s f000 0 eng d
035 |a (OCoLC)41470551 
035 |9 AJH1979AM 
037 |a NCJ 171681  |b BJS 
040 |a GPO  |c GPO  |d DLC  |d MvI  |d UtOrBLW 
043 |a n-us--- 
049 |a UDOC 
074 |a 0717-R-01 
086 0 |a J 29.2:L 41/997 
100 1 |a Reaves, Brian. 
245 1 0 |a Law enforcement management and administrative statistics, 1997 :  |b data for individual state and local agencies with 100 or more officers /  |c by Brian A. Reaves and Andrew L. Goldberg. 
264 1 |a Washington, DC :  |b U.S. Dept. of Justice, Office of Justice Programs, Bureau of Justice Statistics,  |c [1999] 
300 |a xx, 294 pages :  |b illustrations ;  |c 28 cm. 
336 |a text  |b txt  |2 rdacontent 
337 |a unmediated  |b n  |2 rdamedia 
338 |a volume  |b nc  |2 rdacarrier 
500 |a Shipping list number: 99-0232-P. 
500 |a "April 1999." 
650 0 |a Police administration  |z United States  |x Statistics. 
650 0 |a Law enforcement  |z United States  |x Statistics. 
650 0 |a Criminal statistics  |z United States. 
650 0 |a Criminal justice personnel  |z United States  |x Statistics. 
700 1 |a Goldberg, Andrew L. 
710 1 |a United States.  |b Bureau of Justice Statistics. 
999 |a MARS 
999 f f |s 8417759f-a386-3cca-85df-eef8386a4291  |i 291d238d-7449-32a8-bfb7-62ad579e6e66  |t 0 
952 f f |p normal  |a Texas A&M University  |b College Station  |c Sterling C. Evans Library  |d Evans: US Documents (Annex 5th floor)  |t 0  |e J 29.2:L 41/997  |h Superintendent of Documents classification  |i unmediated -- volume  |m A14838127710 
998 f f |a J 29.2:L 41/997  |t 0  |l Evans: US Documents (Annex 5th floor)